000
00267nam a22001217a 4500
008
170529b xxu||||| |||| 00| 0 eng d
041
_a
eng
080
_a
621
100
_a
26
101
_a
IM
245
_a
AERODYNAMICS OF WINGS AND BODIES
_c
ASHLEY
942
_2
udc
_c
BK
999
_c
14888
_d
14888